Statistics for Countries With Most Renewable Energy

Click here to take the quiz!

General Stats

  • This quiz has been taken 152 times
  • The average score is 5 of 11

Answer Stats

#Country% Correct
10United States
91%
5Germany
85%
4United Kingdom (Scotland)
80%
1Sweden
76%
8China
74%
7Denmark
74%
2Costa Rica
21%
6Uruguay
13%
3Nicaragua
9%
11Kenya
7%
9Moroccco
1%

Score Distribution

Percentile by Number Answered

Percent of People with Each Score

Your Score History

You have not taken this quiz